KOHA-Header-6

Securitization (Record no. 9422)

000 -LEADER
fixed length control field 00255nam a2200109Ia 4500
100 ## - MAIN ENTRY--AUTHOR NAME
Personal name Vinod Kothari
245 #0 - TITLE STATEMENT
Title Securitization
260 ## - PUBLICATION, DISTRIBUTION, ETC. (IMPRINT)
Place of publication New Jersey
Name of publisher Prentice Hall
Year of publication 2004
300 ## - PHYSICAL DESCRIPTION
Number of Pages 258
942 ## - ADDED ENTRY ELEMENTS (KOHA)
Koha item type Books
Holdings
Withdrawn status Lost status Collection code Permanent Location Current Location Shelving location Date acquired Full call number Accession Number Koha item type
    Finance MAJU MAJU Shelf No.A44 2019-09-14 891.437 5156 Finance

Powered by Koha